LEADER 01302nam a2200277 4500 001 000000363332 003 CaOOAMICUS 005 20251009121028.0 008 250624s2023 it a 000 u ita r 020 $a978-88-15-10496-0 040 $aSeMil$bita 100 1 $aCardini, Franco,$d<1940- >.$0(OLS)http://semarc/name/321 245 10$aIn Terrasanta :$bpellegrini italiani tra Medioevo e prima età moderna /$cFranco Cardini. 264 1$aBologna :$bIl Mulino,$cstampa 2023. 300 $a531 p., [4] carte di tav. :$bill. ;$c22 cm 490 1 $aStorica paperbacks ;$v1 650 4$aPellegrinaggi - Storia - Medioevo.$0(OLS)http://semarc/subject/31861 650 4$aPellegrini italiani - Storia.$0(OLS)http://semarc/subject/57964 650 4$aTerra Santa - Pellegrinaggi.$0(OLS)http://semarc/subject/3066 830 0$aStorica paperbacks ;$v1.$0(OLS)http://semarc/title/23859 850 $aSeMil 852 $aSeMil$W1$xVenegono$y1$m3T III 11$j258780$B254192$CSeMilBibl$Z2$F254192 $81 996 $6020$a978-88-15-10496-0$9(OLS)http://semarc/number/303481 996 $6245$aIn Terrasanta :$bpellegrini italiani tra Medioevo e prima età moderna$9(OLS)http://semarc/title/454517 996 $6264$aBologna :$bIl Mulino$9(OLS)http://semarc/publisher/29842 LEADER 00832nam a2200205 i 4500 001 000000223800 003 CaOOAMICUS 005 20131021000000.0 008 131021s1910 xx u000 u fre u 013 $a202698 040 $aSeMil$bita 100 1 $aSchwalm, Marie-Benoit.$0(OLS)http://semarc/name/12839 245 13$aLa vie privée du peuple juif :$ba l'époque de Jésus-Christ. 260 $aMilano :$bDaverio,$c1910. 300 $aXX, 583 p., [1] c. di tav. ;$c19 cm. 650 4$aEbrei - Usi e costumi.$0(OLS)http://semarc/subject/28355 850 $aSeMil 852 $aSeMil$W1$xVenegono$y1$m2V I 93$j174146$B174146$CSeMilBibl$Z2$F184329 $81 996 $6245$aLa vie privée du peuple juif :$ba l'époque de Jésus-Christ$9(OLS)http://semarc/title/320888 996 $6260$aMilano :$bDaverio$9(OLS)http://semarc/publisher/30287